Rolling Stone Magazine's Top 50 songs - Statistics

General Stats
  • This quiz has been taken 16 times
  • The average score is 12 of 50
Answer Stats
Hint Answer % Correct
31. (I Can't Get No) Satisfaction, The Rolling Stones
69%
17. Bohemian Rhapsody, Queen
63%
19. Imagine, John Lennon
63%
40. All Along The Watchtower, The Jimi Hendrix Experience
50%
4. Like a Rolling Stone, Bob Dylan
50%
24. A Day In The Life, The Beatles
44%
18. Purple Rain, Prince and the Revolution
44%
1. Respect, Aretha Franklin
44%
5. Smells Like Teen Spirit, Nirvana
44%
11. God Only Knows, Beach Boys
38%
44. Billie Jean, Michael Jackson
31%
9. Dreams, Fleetwood Mac
31%
6. What's Going On, Marvin Gaye
31%
23. Heroes, David Bowie
25%
15. I Want To Hold Your Hand, The Beatles
25%
47. Tiny Dancer, Elton John
25%
26. A Case Of You, Joni Mitchell
19%
3. A Change Is Gonna Come, Sam Cooke
19%
27. Born To Run, Bruce Springsteen
19%
2. Fight The Power, Public Enemy
19%
33. Johnny B. Goode, Chuck Berry
19%
36. Seven Nation Army, The White Stripes
19%
38. (Sittin' On) The Dock Of The Bay, Otis Redding
19%
21. Strange Fruit, Billie Holiday
19%
7. Strawberry Fields Forever, The Beatles
19%
12. Superstition, Stevie Wonder
19%
14. Waterloo Sunset, The Kinks
19%
45. Alright, Kendrick Lamar
13%
22. Be My Baby, The Ronnettes
13%
39. B.O.B., Outkast
13%
16. Crazy In Love, Beyonce
13%
20. Dancing On My Own, Robyn
13%
49. Doo Wop (That Thing), Lauryn Hill
13%
50. Gasolina, Daddy Yankee
13%
8. Get Ur Freak On. Missy Elliot
13%
13. Gimme Shelter, The Rolling Stones
13%
10. Hey Ya!, Outkast
13%
48. Idioteque, Radiohead
13%
32. Juicy, The Notorious B.I.G.
13%
41. Love Will Tear Us Apart, Joy Division
13%
43. My Girl, The Temptations
13%
29. Nuthin' But A 'G' Thang, Dr. Dre
13%
34. Papa's Got A Brand New Bag, James Brown
13%
46. Paper Planes, M.I.A
13%
42. Redemption Song, Bob Marley and the Wailers
13%
30. Royals, Lorde
13%
25. Runaway, Kanye West
13%
37. When Doves Cry, Prince and the Revolution
13%
28. Once In A Lifetime, Talking Heads
6%
35. Tutti-Frutti, Little Richard
0%
No matching quizzes found
Score Distribution
Percent of People with Each Score
Percentile by Number Answered
Your Score History
You have not taken this quiz